NAJPOPULARNIEJSZE TELETURNIEJE W POLSCE - Statystyki

Ogólne statystyki
  • Ten quiz został rozwiązany 288 razy
  • Średni wynik to 5 z 6
Statystyki odpowiedzi
Odpowiedź % Poprawnych
FAMILIADA
89%
MILIONERZY
86%
KOŁO FORTUNY
84%
JEDEN Z DZIESIĘCIU
74%
JAKA TO MELODIA
67%
POSTAW NA MILION
67%
Nie znaleziono quizów pasujących do podanych kryteriów
Rozkład punktacji
Procent ludzi z każdym wynikiem
Percentyl według liczby udzielonych odpowiedzi
Twoja historia wyników
Nie rozwiązałeś tego quizu